000 00512nam a2200193Ia 4500
003 GCL
008 140319s9999 xx 000 0 eng d
040 _aGCL /
_cGCL
082 0 4 _a616.8
_bL N
100 1 _aCALLANDER, ROBIN
245 1 0 _aNEUROLOGY AND NEUROSURGERY ILLUSTRATED /
_cCALLANDER, ROBIN
700 1 _aLINDSAY, KENNETH
700 1 _aBONE, IAN
260 _a[S.N] :
_bELBS CHURCHILL LIVINGSTONE ،
_c1994
300 _a564\P
650 0 4 _aNEUROLOGY
650 0 4 _aNEURO-SURGERY
942 _2ddc
_cBK
999 _c20059
_d20059